| 000 | 00000nam 2200000za 4500 |
| 001 | 9.643703 |
| 003 | CaOODSP |
| 005 | 20240624082223 |
| 007 | cr ||||||||||| |
| 008 | 150407|1979||||xxc|||||o f|0| 0 fre d |
| 040 | |aCaOODSP|bfre |
| 043 | |an-cn--- |
| 086 | 1 |aCP32-35/1979F-PDF |
| 245 | 03|aLa Commission de l'unité canadienne - se retrouver |h[ressource électronique] : |bobservations et recommandations / |cJean-Luc Pepin et John P. Robarts, co-présidents. |
| 246 | 1 |iTitre de renvoi : |aSe retrouver : observations et recommandations |
| 260 | |aOttawa : |bBureau du Conseil privé |c1979. |
| 300 | |a172 p. |
| 500 | |a« Janvier 1979, edition corrigée février. » |
| 500 | |aPublication historique numérisée en 2008 par le Bureau du Conseil privé du Canada. |
| 590 | |a15-04-Supp|b2015-03-19 |
| 691 | 07|aCommission d'enquête|2gcpds |
| 691 | 07|aIdentité canadienne|2gcpds |
| 691 | 07|aRelations fédérales-provinciales|2gcpds |
| 710 | 1 |aCanada. |bBureau du Conseil privé. |
| 775 | 08|tThe Task Force on Canadian Unity - A future together : |w(CaOODSP)9.699727 |
| 856 | 40|ahttp://publications.gc.ca|qPDF|s9.47 Mo|uhttps://publications.gc.ca/collections/collection_2014/bcp-pco/CP32-35-1979-fra.pdf |